000 00428nam a2200145Ia 4500
005 20260328101440.0
008 260328s9999||||xx |||||||||||||| ||und||
100 _aArcos Arciniegas, Bibiana
245 0 _aLa Construcción. del Concreto en Colombia :
_b Apropiación - expresión - proyección /
_cBibiana Arcos Arciniegas
250 _a1a ed.
260 _bAsocreto
300 _a165 p.
650 _aCONSTRUCCIÓN
942 _cBK
999 _c8220
_d8220